Cuentos de la selva : las medias de los flamencos /

Guardado en:
Autor Principal: Quiroga, Horacio.
Otros Autores: Salvi, Darío; il.
Formato: Libro
Idioma:Undetermined
Publicado: Buenos Aires : Producciones Mawis, 2007.
Edición:1a ed.
Series:Cuentos de la selva ; 2
Materias:
Etiquetas: Agregar Etiqueta
Sin Etiquetas, Sea el primero en etiquetar este registro!
LEADER 00650nam a22001935a 4500
001 CEM.cems024300
008 240830s2007####ag############000#0#und#d
005 20240830165538.0
245 1 0 |a Cuentos de la selva :  |b las medias de los flamencos /  |c Horacio Quiroga ; ilustrado por Darío Salvi. 
250 |a 1a ed. 
260 |a Buenos Aires :  |b Producciones Mawis,  |c 2007. 
300 |a 16 p. 
490 1 |a Cuentos de la selva ;  |v 2 
020 |a 9789875860711 
100 1 |a Quiroga, Horacio. 
700 1 |a Salvi, Darío; il. 
653 |a Literatura uruguaya 
653 |a Cuentos uruguayos 
859 |a CEMS  |b BIB. CEMS - Inicial y Primaria  |h U868.4  |i Q484-5  |k IP  |p 3543  |t Ej.1